000 00632nam a2200241Ia 4500
003 OSt
005 20221005120720.0
006 a|||||r|||| 00| 0
007 ta
008 221004b |||||||| |||| 00| 0 eng d
024 _a34867
037 _cTextual
040 _aCRL
_cCRL
_beng
041 _2eng
_aeng
082 _aZ2v, J3
100 _aSengupta Nares Chandra
_9629560
245 0 _aEvolution of ancient Indian law
260 _c1953
490 _a(University of Calcutta,Tagore law lectures,1950).
650 _aLAW
942 _hZ2v, J3
_cTEXL
_2cc
999 _c1038924
_d1038924